Tottel's miscellany (1557 - 1587) Vol II (Record no. 13305)
[ view plain ]
| 000 -LEADER | |
|---|---|
| fixed length control field | 00600nam a2200205Ia 4500 |
| 005 - DATE AND TIME OF LATEST TRANSACTION | |
| control field | 20230109151748.0 |
| 008 - FIXED-LENGTH DATA ELEMENTS--GENERAL INFORMATION | |
| fixed length control field | 131103s9999 xx 000 0 und d |
| 040 ## - CATALOGING SOURCE | |
| Original cataloging agency | Loreto College |
| 041 ## - LANGUAGE CODE | |
| Language code | English |
| 082 ## - DDC | ডিউই | |
| Classification number | বর্গসংখ্যা | 821.3 |
| Book Number | গ্রন্থাঙ্ক | TOT-ROL |
| 245 ## - TITLE STATEMENT | অাখ্যা বিবরণী | |
| Title | অাখ্যা | Tottel's miscellany (1557 - 1587) Vol II |
| Statement of responsibility | লেখকের দায়িত্বের বিবরণ | edited by Hyder Edward Rollins |
| 250 ## - EDITION STATEMENT | সংস্করণ ক্ষেত্র | |
| Edition statement | সংস্করণ | rev.ed. |
| 260 ## - IMPRINT | প্রকাশনা ক্ষেত্র | |
| Place of publication | প্রকাশ স্থান | Cambridge |
| Name of publisher | প্রকাশকের নাম | Harvard University Press |
| Date of publication | প্রকাশ কাল | 1965 |
| 300 ## - PHYSICAL DESCRIPTION | | |
| Page / Vol. No | পৃষ্ঠা / খন্ড সংখ্যা | 2 V. (ix,395 p.) |
| 504 ## - BIBLIOGRAPHY, ETC. NOTE | |
| Bibliography, etc | Includes notes and glossarial index |
| 650 ## - SUBJECT ADDED ENTRY--TOPICAL TERM | বিষয় শিরোনাম - মূল বিষয় | |
| Topical term | মূল বিষয় | English Literature |
| 700 ## - ADDED ENTRY--PERSONAL NAME | অতিরিক্ত সংলেখ - ব্ | |
| Personal name | ব্যাক্তিনাম | Rollins, Hyder Edward; ed. |
| 850 ## - HOLDING INSTITUTION | |
| Holding institution | LCLIB |
| 942 ## - ADDED ENTRY ELEMENTS (KOHA) | |
| Koha item type | Books |
| Withdrawn status | Lost status | Source of classification | Damaged status | Not for loan | Home library | Current library | Date acquired | Total Checkouts | Full call number | Accession No. | Date last seen | Price effective from | Koha item type | Coded location qualifier |
|---|---|---|---|---|---|---|---|---|---|---|---|---|---|---|
| Dewey Decimal Classification | Loreto College | Loreto College | 04/11/2013 | 821.3 TOT- ROL 12746 | B13332 | 04/11/2013 | 04/11/2013 | Books | ||||||
| Dewey Decimal Classification | Loreto College | Loreto College | 04/11/2013 | 821.3 TOT - ROL 12744 | B23445 | 04/11/2013 | 04/11/2013 | Books |